000 01034nam a2200289 i 4500
001 184226
003 ES-MaACL
005 20230906222121.0
008 150522s1973 sp ao e |||| |dspa d
020 _a84-7017-385-5
080 _a75:069.5(450.251 M.)
245 0 0 _aPinacoteca de Brera
_b: Milán /
_c[presentación de Franco Russoli ; textos de Roberto P. Ciardi ... [et al.] ; traducción de Diorki].
246 3 4 _aEnciclopedia de los museos
260 _aBarcelona :
_bArgos,
_c[1973]
300 _a172 p. :
_bil. col., fot. ;
_c29 cm.
490 1 _aEnciclopedia de los museos ;
_v6
500 _aÍndices.
504 _aBibliografía: p. 168.
610 2 4 _aPinacoteca di Brera.
_9145229
700 1 _aRussoli, Franco.
_9145228
700 1 _aCiardi, Roberto Paolo.
_9156883
710 2 _aDiorki.
_93392
830 0 _aEnciclopedia de los museos ;
_v6
_9192084
852 _aES-MaACL
_jE-15636
_z- enc. guaflex
852 _aES-MaACL
_jL-30411
_z- enc. guaflex
_z. - Donat. Miguel A. Velasco
999 _c184226
_d184226